000 00629nam a2200121Ia 4500
008 220620s9999||||xx |||||||||||||| ||und||
100 _aGrote, Georg
245 4 _aThe South Tyrol Question, 1866–2010
_bFrom National Rage to Regional State
546 _aEnglish[eng]
650 _a1866||1866–2010||2010||Approaches to South Tyrol||Disquiet and Unrest, 1947-1960||Grote||National||Question||Queston||Rage||Regional||South||State||The Regionalist Drive||Tyrol||Tyrolean Nationalisms before 1918||Under Autonomy Rule
856 _uhttps://library.oapen.org/bitstream/20.500.12657/48510/1/9783035303032.pdf
942 _cEB
999 _c27266
_d27266